Ifigonia ; Don Sculacciabuchi

Guardat en:
Dades bibliogràfiques
Format: Llibre
Etiquetes: Afegir etiqueta
Sense etiquetes, Sigues el primer a etiquetar aquest registre!

MARC

LEADER 00000nam a22000007i 4500
001 CDOM0000002421
003 mi
005 20250929150941.0
008 030508s1991 it |||||| ||||| |||||c
040 |c mi 
245 1 |a Ifigonia ; Don Sculacciabuchi 
942 |2 ddc  |c BK 
952 |0 0  |1 0  |2 ddc  |4 0  |7 0  |9 5978  |a MI  |b MI  |d 2006-05-21  |i 638  |l 0  |p CDOM638  |r 2025-07-13 16:28:00  |w 2025-07-13  |x ACQUISTO  |y BK 
999 |c 4777  |d 4777